Tableau périodique - 20 éléments - Statistiques

Statistiques générales
  • Ce quiz a été pris 40 fois
  • Le résultat moyen est 13 sur 20
Statistiques - réponses
Hint Réponse % Correct
Ag Argent
100%
Ar Argon
100%
N Azote
100%
Be Béryllium
100%
B Bore
100%
Cd Cadmium
100%
C Carbone
100%
Cl Chlore
100%
Cr Chrome
100%
Co Cobalt
100%
Cu Cuivre
100%
Dy Dysprosium
100%
Eu Europium
100%
Fe Fer
100%
Fr Francium
100%
Ge Germanium
100%
He Hélium
100%
H Hydrogène
100%
Mg Magnésium
100%
Md Mendélévium
100%
Hg Mercure
100%
Ne Néon
100%
Nb Niobium
100%
No Nobélium
100%
Au Or
100%
Os Osmium
100%
O Oxygène
100%
Pd Palladium
100%
Pt Platine
100%
Pb Plomb
100%
Pu Plutonium
100%
Po Polonium
100%
Rf Rutherfordium
100%
Sm Samarium
100%
Sc Scandium
100%
Se Sélénium
100%
Si Silicium
100%
Na Sodium
100%
S Soufre
100%
Te Tellure
100%
Ti Titane
100%
W Tungstène
100%
U Uranium
100%
Xe Xénon
100%
Zn Zinc
100%
As Arsenic
80%
Br Brome
80%
In Indium
80%
Ni Nickel
80%
Ba Baryum
75%
Ho Holmium
75%
I Iode
75%
K Potassium
75%
Ta Tantale
75%
Ac Actinium
67%
Al Aluminium
67%
Ca Calcium
67%
Gd Gadolinium
67%
Hs Hassium
67%
La Lanthane
67%
Mo Molybdène
67%
Np Neptunium
67%
Og Oganesson
67%
P Phosphore
67%
Tc Technétium
67%
Zr Zirconium
67%
At Astate
60%
Nd Néodyme
60%
Yb Ytterbium
60%
Am Américium
50%
Sb Antimoine
50%
Bi Bismuth
50%
Cn Copernicium
50%
Db Dubnium
50%
Er Erbium
50%
Sn Étain
50%
Ir Iridium
50%
Lr Lawrencium
50%
Li Lithium
50%
Lu Lutécium
50%
Mt Meitnérium
50%
Nh Nihonium
50%
Pr Praséodyme
50%
Pm Prométhium
50%
Ra Radium
50%
Re Rhénium
50%
Rb Rubidium
50%
Ru Ruthénium
50%
Ts Tennesse
50%
Tb Terbium
50%
Tl Thallium
50%
Th Thorium
50%
Hf Hafnium
33%
Rn Radon
33%
Sr Strontium
33%
Cf Californium
25%
Fl Flérovium
25%
Cm Curium
20%
Mc Moscovium
17%
Rg Roentgenium
17%
Bk Berkélium
0%
Bh Bohrium
0%
Ce Cérium
0%
Cs Césium
0%
Ds Darmstadtium
0%
Es Einsteinium
0%
Fm Fermium
0%
F Fluor
0%
Ga Gallium
0%
Kr Krypton
0%
Lv Livermorium
0%
Mn Manganèse
0%
Pa Protactinium
0%
Rh Rhodium
0%
Sg Seaborgium
0%
Tm Thulium
0%
V Vanadium
0%
Y Yttrium
0%
Aucun quiz correspondant
Distribution des résultats
% des personnes avec chaque résultat
Percentile par nombre de réponses
Votre historique - résultats
Vous n’avez pas pris ce quiz